Introduction To Linux (Record no. 340302)

MARC details
000 -LEADER
fixed length control field 00516nam a2200169Ia 4500
008 - FIXED-LENGTH DATA ELEMENTS--GENERAL INFORMATION
fixed length control field 230718s9999 xx 000 0 und d
020 ## - INTERNATIONAL STANDARD BOOK NUMBER
International Standard Book Number 9788178001135
041 ## - LANGUAGE CODE
Language code of text/sound track or separate title eng
082 ## - DEWEY DECIMAL CLASSIFICATION NUMBER
Classification number 005.4'32
Item number VEN
100 ## - MAIN ENTRY--PERSONAL NAME
Personal name Venkateswarlu N.B. (Editor)
9 (RLIN) 192669
245 ## - TITLE STATEMENT
Title Introduction To Linux
Remainder of title Installation And Programming
260 ## - PUBLICATION, DISTRIBUTION, ETC. (IMPRINT)
Date of publication, distribution, etc. 2014
Name of publisher, distributor, etc. BS Publications
300 ## - PHYSICAL DESCRIPTION
Extent 588
365 ## - TRADE PRICE
Currency code Rs.
Price amount 425.00
700 ## - ADDED ENTRY--PERSONAL NAME
Personal name Venkateswarlu N.B. (Editor)
9 (RLIN) 192669
906 ## - LOCAL DATA ELEMENT F, LDF (RLIN)
d O:0465207-Sep-2015B:IN 52808-Jul-2015
c COMP
b 106.25
Holdings
Withdrawn status Lost status Damaged status Not for loan Home library Current library Date acquired Vendor Budget Code Cost, normal purchase price Bill number Total Checkouts Full call number Barcode Date last seen Discount Cost, replacement price Bill Date Koha item type Original Barcode
        Cummins College of Engineering for Women Pune Cummins College of Engineering for Women Pune 07/09/2015 Pradeep Book Distributors COMP 318.75 IN 528   005.4'32 CCEP-BK-51509 18/07/2023 106.25 425.00 08/07/2015 Books 051509